| 000 | 00627nam a2200229Ia 4500 | ||
|---|---|---|---|
| 003 | OSt | ||
| 005 | 20220928114140.0 | ||
| 006 | a|||||r|||| 00| 0 | ||
| 007 | ta | ||
| 008 | 220927b |||||||| |||| 00| 0 eng d | ||
| 024 | _a36871 | ||
| 037 | _cTextual | ||
| 040 |
_aSDCL _cSDCL _beng |
||
| 041 |
_2eng _aeng |
||
| 082 | _aS:68, L7 | ||
| 100 |
_aKots Ya M _9437168 |
||
| 245 | 0 |
_aOrganization of voluntary movement _b Neurophysiological mechanisms. |
|
| 260 |
_aNew York _b Plenum Press _c1977 |
||
| 300 |
_aviii,276p. _ccm. |
||
| 942 |
_hS:68, L7 _cTEXL _2CC |
||
| 999 |
_c753144 _d753144 |
||